Művelődési egyesületünk tevékenysége
Prehľad o plánovaných prednáškach Osvetového spolku v Rožňave na obdobie 3.11.1912 - 30.03.1913. Článok obsahuje mená prednášajúcich (predovšetkým profesorov miestnych gymnázií), názov a termím prednášky. O.i. vystúpia Š. Götz, R. Hazslinszky, E. Szkalos, G. Adamis, L. Réz, Ľ. Greck, J. Tichy, V. Ko...
| Médium: | Článok |
|---|---|
| Jazyk: | Hungarian |
| Témy: | |
| Zdroj: |
1. Sajó-Vidék : Vegyestartalmú hetilap 1. Roč. 15, č. 43 (24.10.1912) s. 3 |
| LEADER | 01147nab#a2200289#ar4500 | ||
|---|---|---|---|
| 001 | 000073583 | ||
| 003 | SVKKK | ||
| 005 | 19971002xxxxxxx. | ||
| 008 | 06 c xo huno | ||
| FMT | |||
| 038 | |a SVKKK | ||
| 040 | |a SVKKK |b slo |e AACR2 | ||
| 041 | 0 | |a hun | |
| 044 | |a xo |c SK | ||
| 080 | |a 061.2:374 | ||
| 242 | 1 | 0 | |a Aktivity nášho Osvetového spolku |
| 245 | 0 | 0 | |a Művelődési egyesületünk tevékenysége |
| 520 | 2 | |a Prehľad o plánovaných prednáškach Osvetového spolku v Rožňave na obdobie 3.11.1912 - 30.03.1913. Článok obsahuje mená prednášajúcich (predovšetkým profesorov miestnych gymnázií), názov a termím prednášky. O.i. vystúpia Š. Götz, R. Hazslinszky, E. Szkalos, G. Adamis, L. Réz, Ľ. Greck, J. Tichy, V. Koppányi, M. Pásztor a ďalší. | |
| 650 | 0 | 4 | |a Osvetový spolok, Rožňava - 3.11.1912-30.03.1913 - prednášky plánované - rozpisy - prehľady - informácie |
| 773 | 0 | |t Sajó-Vidék : Vegyestartalmú hetilap |g Roč. 15, č. 43 (24.10.1912) s. 3 | |
| 957 | |a Rožňava | ||
| 958 | |a DG | ||
| 958 | |a SK | ||
| 974 | |a ebl |d 19971002 | ||
| 992 | |a RBX | ||
| BAS | |||
| 998 | |a RETRO | ||